[Event "Berlin-ch"]
[Site "Berlin"]
[Date "2025.04.20"]
[Round "2"]
[White "Noeldner, Julian"]
[Black "Niehaus, Frank"]
[Result "1-0"]
[WhiteElo "2279"]
[BlackElo "2126"]
[PlyCount "41"]
[EventDate "2025.04.19"]
[EventType "swiss"]
[EventRounds "9"]
[EventCountry "GER"]
[SourceTitle "CB18_2025"]
[SourceDate "2025.04.30"]
[SourceVersion "1"]
[SourceVersionDate "2025.04.30"]
[SourceQuality "1"]

1. e4 e5 2. Nf3 Nc6 3. Bb5 f5 4. d3 fxe4 5. dxe4 Nf6 6. 0-0 Bc5 7. Bxc6 bxc6 8. Nxe5 0-0 9. Nc3 Qe8 10. Nd3 Bd4 11. e5 Bxe5 12. Re1 d6 13. Bf4 Nd7 14. Bxe5 dxe5 15. Qe2 Qf7 16. f3 Re8 17. Qe4 Bb7 18. Qb4 Rab8 19. Qa5 Nb6 20. Nxe5 Qf5 21. Nxc6 1-0

[Event "Berlin-ch"]
[Site "Berlin"]
[Date "2023.04.09"]
[Round "2"]
[White "Foerster, Jonas"]
[Black "Niehaus, Frank"]
[Result "1-0"]
[WhiteElo "2295"]
[BlackElo "2142"]
[PlyCount "117"]
[EventDate "2023.04.08"]
[EventType "swiss"]
[EventRounds "9"]
[EventCountry "GER"]
[SourceTitle "CBM 213 Extra"]
[Source "ChessBase"]
[SourceDate "2023.05.31"]
[SourceVersion "1"]
[SourceVersionDate "2023.05.31"]
[SourceQuality "1"]

1. Nf3 Nf6 2. g3 g6 3. Bg2 Bg7 4. c4 0-0 5. Nc3 d6 6. 0-0 Nc6 7. d3 e5 8. Rb1 a5 9. e4 Bg4 10. Be3 Nd4 11. Bxd4 exd4 12. Ne2 Bxf3 13. Bxf3 Nd7 14. Qc2 Nc5 15. b3 c6 16. a3 Qc7 17. h4 Rae8 18. b4 axb4 19. axb4 Nd7 20. Bg2 Ra8 21. Ra1 Qb6 22. Bh3 Nf6 23. Ra4 Rxa4 24. Qxa4 Re8 25. Nc1 Qd8 26. Nb3 Nd7 27. f4 Nf6 28. Qa7 Nh5 29. Kh2 f5 30. Nxd4 c5 31. Nf3 fxe4 32. dxe4 Rxe4 33. Qxb7 Re2+ 34. Bg2 Nf6 35. bxc5 dxc5 36. Re1 Rxe1 37. Nxe1 Ng4+ 38. Kh3 Nf2+ 39. Kh2 Ng4+ 40. Kh1 Nf2+ 41. Kg1 Bd4 42. Qd5+ Qxd5 43. Bxd5+ Kg7 44. Nf3 Nd3+ 45. Kf1 Bf6 46. Ke2 Nc1+ 47. Ke3 Nb3 48. g4 Be7 49. Be6 Na5 50. g5 Nc6 51. Ke4 Nb4 52. Bg4 Bd6 53. h5 Na2 54. h6+ Kh8 55. Ne5 Kg8 56. Kd5 Bxe5 57. fxe5 Nc3+ 58. Kxc5 Ne4+ 59. Kb6 1-0

[Event "Berlin-ch Seniors op 39th"]
[Site "Berlin"]
[Date "2023.01.31"]
[Round "8"]
[White "Schmidt, Dietrich"]
[Black "Niehaus, Frank"]
[Result "1/2-1/2"]
[WhiteElo "1878"]
[BlackElo "2089"]
[PlyCount "80"]
[EventDate "2023.01.24"]
[EventType "swiss"]
[EventRounds "9"]
[EventCountry "GER"]
[SourceTitle "CBM 212 Extra"]
[Source "ChessBase"]
[SourceDate "2023.03.31"]
[SourceVersion "1"]
[SourceVersionDate "2023.03.31"]
[SourceQuality "1"]

1. e4 c5 2. Nc3 Nc6 3. f4 g6 4. Nf3 Bg7 5. Bc4 e6 6. d3 Nge7 7. 0-0 0-0 8. Qe1 d5 9. Bb3 Nd4 10. Nxd4 cxd4 11. Ne2 dxe4 12. dxe4 Qb6 13. Kh1 a5 14. Bc4 Qc5 15. Bd3 f5 16. Ng1 Bd7 17. Nf3 Nc6 18. a3 Rfe8 19. Bd2 b5 20. Qe2 Rab8 21. Rfc1 b4 22. a4 Rbd8 23. e5 Bc8 24. Bb5 Re7 25. Ne1 Rc7 26. Nd3 Qe7 27. b3 Na7 28. Bc4 Bb7 29. Nb2 Nc8 30. Bd3 Nb6 31. Nc4 Nxc4 32. Bxc4 Bd5 33. Bd3 Bh6 34. Kg1 Kh8 35. Qf2 Bb7 36. Rf1 Bf8 37. Rad1 Be4 38. Qe2 Qc5 39. Rc1 Qd5 40. Kh1 Qb7 1/2-1/2

[Event "Oberliga Nord O 2223"]
[Site "Germany"]
[Date "2022.11.27"]
[Round "2.5"]
[White "Niehaus, Frank"]
[Black "Seils, Joerg"]
[Result "0-1"]
[WhiteElo "2093"]
[BlackElo "2324"]
[PlyCount "56"]
[EventDate "2022.10.23"]
[EventType "team-tourn"]
[EventRounds "9"]
[EventCountry "GER"]
[SourceTitle "EXT 2025"]
[Source "ChessBase"]
[SourceDate "2024.10.14"]
[SourceVersion "1"]
[SourceVersionDate "2024.10.14"]
[SourceQuality "1"]
[WhiteTeam "König Tegel"]
[BlackTeam "Pankow Rotation"]
[WhiteTeamCountry "GER"]
[BlackTeamCountry "GER"]

1. e4 d5 2. exd5 Qxd5 3. Nc3 Qa5 4. d4 c6 5. Bc4 Bf5 6. Bd2 Nf6 7. Qe2 e6 8. d5 cxd5 9. Nxd5 Qd8 10. Nxf6+ Qxf6 11. 0-0-0 Nc6 12. g4 Bg6 13. h4 0-0-0 14. Nf3 Bd6 15. Bb3 h5 16. g5 Qf5 17. Kb1 Kb8 18. Be3 Qe4 19. Nd2 Qb4 20. a3 Qg4 21. f3 Qf5 22. Ne4 Bf4 23. Bxf4+ Qxf4 24. Nc5 Qc7 25. Rxd8+ Rxd8 26. Rd1 Nd4 27. Qc4 e5 28. Ka2 Rc8 0-1

[Event "Berlin Werner Ott op"]
[Site "Berlin"]
[Date "2022.07.17"]
[Round "9"]
[White "Schliebener, Stephan"]
[Black "Niehaus, Frank"]
[Result "1/2-1/2"]
[WhiteElo "2107"]
[BlackElo "2089"]
[PlyCount "143"]
[EventDate "2022.07.09"]
[EventType "swiss"]
[EventRounds "9"]
[EventCountry "GER"]
[SourceTitle "CBM 209 Extra"]
[Source "ChessBase"]
[SourceDate "2022.09.30"]
[SourceVersion "1"]
[SourceVersionDate "2022.09.30"]
[SourceQuality "1"]

1. c4 Nf6 2. Nc3 g6 3. d4 Bg7 4. e4 d6 5. f3 0-0 6. Be3 c5 7. dxc5 dxc5 8. Qxd8 Rxd8 9. Bxc5 Nc6 10. Nge2 Nd7 11. Be3 Nde5 12. Nf4 e6 13. Rd1 Rxd1+ 14. Kxd1 b6 15. Bd2 Bb7 16. Be2 Rd8 17. Kc1 Bh6 18. Be3 Nd4 19. b3 Nec6 20. Rd1 Bg7 21. Bd2 Nb4 22. Kb1 Nbc6 23. Be1 h6 24. Bd3 Kh7 25. Nfe2 Kg8 26. Nxd4 Nxd4 27. Ne2 Nc6 28. Bc2 Rxd1+ 29. Bxd1 Kf8 30. Kc2 Ke7 31. a3 Kd7 32. Bf2 Ba6 33. a4 Kc7 34. f4 Bb7 35. Kd3 Nb4+ 36. Ke3 Nc6 37. g3 Kd7 38. e5 Bf8 39. Kd2 Bb4+ 40. Nc3 Ne7 41. Kd3 Bg2 42. Na2 Bc5 43. Bxc5 bxc5 44. b4 Kc6 45. b5+ Kb6 46. Nc1 Bf1+ 47. Kc3 Nf5 48. Be2 Bxe2 49. Nxe2 Ka5 50. Kb3 h5 51. Nc3 Nd4+ 52. Ka3 Nc2+ 53. Kb2 Nd4 54. Ne4 Kxa4 55. Kc3 Ne2+ 56. Kd3 Nc1+ 57. Kc2 Ne2 58. Nxc5+ Kb4 59. Nb7 Kxc4 60. Nd6+ Kc5 61. Nxf7 Nd4+ 62. Kd3 Nxb5 63. Nh8 a5 64. Nxg6 a4 65. Nf8 Kd5 66. Nd7 a3 67. Nf6+ Kc5 68. Kc2 Kb4 69. Ne4 Nd4+ 70. Kb1 Kb3 71. Nc5+ Kc4 72. Ne4 1/2-1/2

[Event "Berlin Werner Ott op"]
[Site "Berlin"]
[Date "2022.07.10"]
[Round "2"]
[White "Niehaus, Frank"]
[Black "Bartelt, Max Peter"]
[Result "1-0"]
[WhiteElo "2089"]
[BlackElo "1915"]
[PlyCount "57"]
[EventDate "2022.07.09"]
[EventType "swiss"]
[EventRounds "9"]
[EventCountry "GER"]
[SourceTitle "CBM 209 Extra"]
[Source "ChessBase"]
[SourceDate "2022.09.30"]
[SourceVersion "1"]
[SourceVersionDate "2022.09.30"]
[SourceQuality "1"]

1. e4 e6 2. d4 d5 3. Nc3 Bb4 4. e5 c5 5. a3 Bxc3+ 6. bxc3 Qa5 7. Bd2 Qa4 8. Nf3 b6 9. h4 Ba6 10. h5 Bxf1 11. Kxf1 h6 12. dxc5 bxc5 13. Rh4 c4 14. Rg4 Kf8 15. Be3 Nd7 16. Bd4 Ne7 17. Rf4 Nf5 18. Qe2 Ke7 19. Rxf5 exf5 20. Nh4 Nf8 21. Nxf5+ Kd8 22. Qf3 Qd7 23. Nd6 Kc7 24. Qxd5 Rb8 25. Bxa7 Ne6 26. Qa5+ Kc6 27. Qa6+ Kc7 28. Bxb8+ Rxb8 29. Qa7+ 1-0

[Event "Berlin-ch"]
[Site "Berlin"]
[Date "2022.04.22"]
[Round "8"]
[White "Eilenberg, Jonas"]
[Black "Niehaus, Frank"]
[Result "1/2-1/2"]
[WhiteElo "2177"]
[BlackElo "2074"]
[PlyCount "69"]
[EventDate "2022.04.15"]
[EventType "swiss"]
[EventRounds "9"]
[EventCountry "GER"]
[SourceTitle "CBM 207 Extra"]
[Source "ChessBase"]
[SourceDate "2022.05.31"]
[SourceVersion "1"]
[SourceVersionDate "2022.05.31"]
[SourceQuality "1"]

1. d4 Nf6 2. c4 c5 3. d5 e6 4. Nc3 exd5 5. cxd5 d6 6. e4 g6 7. Bd3 Bg7 8. h3 0-0 9. Nf3 Nh5 10. 0-0 a6 11. a4 Nd7 12. g4 Nhf6 13. Bf4 Qe7 14. Qd2 Ne8 15. Bg3 b6 16. Rae1 Ra7 17. Nh2 Bf6 18. f4 Bh4 19. Bxh4 Qxh4 20. Qg2 Qd8 21. g5 Nb8 22. e5 Re7 23. Ng4 c4 24. Bc2 Bxg4 25. Qxg4 dxe5 26. fxe5 Nd7 27. e6 fxe6 28. dxe6 Rxf1+ 29. Rxf1 Nf8 30. Qxc4 Ng7 31. h4 Nfxe6 32. Nd5 Rf7 33. Nf6+ Kh8 34. Rd1 Qb8 35. Kg2 1/2-1/2

[Event "Berlin-ch Seniors op 36th"]
[Site "Berlin"]
[Date "2020.02.05"]
[Round "8.6"]
[White "Mock, Peter"]
[Black "Niehaus, Frank"]
[Result "1/2-1/2"]
[WhiteElo "1856"]
[BlackElo "2097"]
[PlyCount "121"]
[EventDate "2020.01.28"]
[EventType "swiss"]
[EventRounds "9"]
[EventCountry "GER"]
[SourceTitle "EXT 2024"]
[Source "ChessBase"]
[SourceDate "2023.10.10"]
[SourceVersion "1"]
[SourceVersionDate "2023.10.10"]
[SourceQuality "1"]

1. c4 Nf6 2. Nc3 g6 3. e4 d6 4. d4 Bg7 5. g3 0-0 6. Bg2 Nbd7 7. Nge2 e5 8. 0-0 exd4 9. Nxd4 a6 10. h3 Re8 11. Be3 Rb8 12. Rc1 c5 13. Nde2 Ne5 14. b3 b5 15. f4 Ned7 16. Qxd6 b4 17. Nd5 Nxe4 18. Qc7 Nxg3 19. Qxd8 Nxe2+ 20. Kf2 Rxd8 21. Kxe2 Bb7 22. Rcd1 Re8 23. Kf2 Rbc8 24. Rfe1 Ba8 25. Nxb4 Bc3 26. Re2 Bxg2 27. Kxg2 Bxb4 28. Rxd7 Rcd8 29. Rxd8 Rxd8 30. Kf3 Rd1 31. f5 Kg7 32. Ke4 Kf6 33. Rf2 g5 34. Rg2 h6 35. h4 Re1 36. hxg5+ hxg5 37. Rh2 Kg7 38. Kd3 f6 39. a3 Bxa3 40. Ra2 Bb4 41. Rxa6 Rd1+ 42. Ke4 Rd7 43. Re6 Kf7 44. Bf2 Rd1 45. Rc6 Rb1 46. Rc7+ Kg8 47. Bxc5 Bxc5 48. Rxc5 Rxb3 49. Rc8+ Kg7 50. Rc7+ Kg8 51. c5 g4 52. Ra7 g3 53. Ra2 Kf7 54. Kd5 Rf3 55. c6 Rxf5+ 56. Kd6 Rf2 57. Ra7+ Kg6 58. Ra3 g2 59. Rg3+ Kf5 60. c7 Rd2+ 61. Ke7 1/2-1/2

[Event "Berlin-ch Seniors op 36th"]
[Site "Berlin"]
[Date "2020.02.04"]
[Round "7.4"]
[White "Niehaus, Frank"]
[Black "Mayer, Herbert"]
[Result "1/2-1/2"]
[WhiteElo "2097"]
[BlackElo "1751"]
[PlyCount "136"]
[EventDate "2020.01.28"]
[EventType "swiss"]
[EventRounds "9"]
[EventCountry "GER"]
[SourceTitle "EXT 2024"]
[Source "ChessBase"]
[SourceDate "2023.10.10"]
[SourceVersion "1"]
[SourceVersionDate "2023.10.10"]
[SourceQuality "1"]

1. d4 Nf6 2. Bg5 g6 3. Bxf6 exf6 4. e3 Bg7 5. c4 f5 6. Nc3 c6 7. Nf3 d6 8. Bd3 Na6 9. 0-0 0-0 10. a3 Nc7 11. b4 d5 12. c5 Ne6 13. Ne2 Qc7 14. Qd2 Qe7 15. Rab1 b5 16. a4 a6 17. Ra1 Qb7 18. Ra3 Bd7 19. Rfa1 Rfb8 20. Qa2 Nc7 21. h3 Re8 22. Nc3 Bf6 23. Qb2 Ne6 24. Ne2 Nc7 25. R1a2 Be6 26. Qa1 Be7 27. Nd2 Bd7 28. Nb3 Reb8 29. axb5 axb5 30. Ra7 Rxa7 31. Rxa7 Qc8 32. Qa5 Rb7 33. Nc3 Rxa7 34. Qxa7 Na6 35. Na2 Bf6 36. Na5 Bd8 37. Nb7 Nb8 38. Nxd8 Qxd8 39. Kf1 Qc8 40. Ke2 Be6 41. Kd2 Nd7 42. Nc3 Qb8 43. Qxb8+ Nxb8 44. Kc2 Na6 45. Kb3 Nc7 46. Nb1 Kf8 47. Kc3 Ke7 48. Nd2 h6 49. Nf3 Bd7 50. Nh4 Kf6 51. f4 h5 52. Nf3 Be8 53. Be2 Ne6 54. Ne5 Nd8 55. g4 hxg4 56. hxg4 fxg4 57. Bxg4 Ke7 58. Kd2 f6 59. Nf3 Bf7 60. Ne1 Be8 61. Nd3 Nf7 62. Ke2 Nh6 63. Kf3 Nf7 64. Kg3 f5 65. Bf3 Kf6 66. Ne5 Nd8 67. Kh4 Ne6 68. Be2 Nc7 1/2-1/2

[Event "Berlin-ch Seniors op 36th"]
[Site "Berlin"]
[Date "2020.01.28"]
[Round "1.8"]
[White "Niehaus, Frank"]
[Black "Rehder, Frank"]
[Result "1-0"]
[WhiteElo "2097"]
[BlackElo "1771"]
[PlyCount "53"]
[EventDate "2020.01.28"]
[EventType "swiss"]
[EventRounds "9"]
[EventCountry "GER"]
[SourceTitle "EXT 2024"]
[Source "ChessBase"]
[SourceDate "2023.10.10"]
[SourceVersion "1"]
[SourceVersionDate "2023.10.10"]
[SourceQuality "1"]

1. e4 c5 2. Nf3 e6 3. d4 cxd4 4. Nxd4 a6 5. Nc3 Qc7 6. Bd3 Nf6 7. 0-0 Be7 8. Kh1 0-0 9. f4 d6 10. Qf3 Nc6 11. Nxc6 bxc6 12. Bd2 Bb7 13. Qh3 e5 14. Rae1 Rab8 15. b3 Rfd8 16. Ne2 Nd7 17. Ng3 Nc5 18. fxe5 dxe5 19. Qf5 Rf8 20. Bc4 Bd6 21. Nh5 Bc8 22. Qg5 Ne6 23. Bxe6 fxe6 24. Rxf8+ Bxf8 25. Bc3 Bd6 26. Rd1 Rb7 27. Nf6+ 1-0

[Event "Oberliga Nord O 1920"]
[Site "Germany"]
[Date "2019.10.20"]
[Round "2.5"]
[White "Niehaus, Frank"]
[Black "Weber, Daniel1"]
[Result "1/2-1/2"]
[WhiteElo "2101"]
[BlackElo "2123"]
[PlyCount "29"]
[EventDate "2019.09.29"]
[EventType "team-tourn"]
[EventRounds "9"]
[EventCountry "GER"]
[SourceTitle "CBM 195 Extra"]
[Source "ChessBase"]
[SourceDate "2020.05.31"]
[SourceVersion "1"]
[SourceVersionDate "2020.05.31"]
[SourceQuality "1"]

1. e4 e6 2. d4 d5 3. Bd3 c5 4. c3 dxe4 5. Bxe4 Nf6 6. Bf3 cxd4 7. cxd4 Qb6 8. Ne2 Bd7 9. 0-0 Bc6 10. Nf4 Bxf3 11. Qxf3 Bd6 12. Nc3 0-0 13. d5 Bxf4 14. Bxf4 Nxd5 15. Nxd5 1/2-1/2